01560nam a2200265Ia 4500952010400000952009700104999001700201008004100218020001500259050002100274082001600295100003700311245007800348260003800426300003500464490001700499500008400516504002700600505049100627519004301118650004001161650004601201700004001247942000701287 00104070a01b01d2007-01-25l7o460 R918lep01 009758r2018-09-04s2018-09-04t1w2012-06-24yLB 00104070a13b13d0000-00-00l0oPC4073 R84 2000p13 000625r2013-07-05t1w2013-07-05yLB c59567d59567120622s2000 mx a 000 0 spa d a9702906970 aPC4073bR84 2000 a460bR918le1 aRuedas de la Serna, Jorgeeautor aLengua españolac / Jorge Ruedas de la Serna, Antelma Cisneros Alvarado aMéxicob : Santillanac, [2000] a278 páginasb: ilustraciones aBachillerato aIncluye: glosario p. 274 ; Actividades y Resumen de unidad en cada capítulo  aBibliografía: p. 278 aLectura de textos Literatura de los Siglos de Oro y las funciones del lenguaje El romanticismo y la oración activa El realismo español y la estructura de la oración pasiva La Generación del 98 y el verbo El novencentismo y el uso de los derivados verbales La Generación del 27 y del 36. La subordinación sustantiva La literatura española de la posguerra inmediata y la subordinación adjetiva La literatura en la segunda mitad del siglo XX y la subordinación adverbial aMaterial Complementario /d(01 009758)14aESPAÑOL xESTUDIO Y ENSEÑANZA24aLITERATURA ESPAÑOLAxHISTORIA Y CRITICA aCisneros Alvarado, Antelma eautora cLB